000 00520nam a22001577a 4500
999 _c5318
_d5318
003 OSt
005 20250218135928.0
008 210824b ||||| |||| 00| 0 spa d
020 _a9789874798688
245 1 0 _aCompendio normativo penal, procesal penal y contravencional de Tierra del Fuego, Antártida e Islas del Atlántico Sur /
_cEdiciones De La Lenga.
260 _aUshuaia :
_bDe La Lenga,
_c2024.
300 _a480 p.
_c23 cm.
650 0 _91183
_aLEGISLACION
651 0 _92403
_aTIERRA DEL FUEGO
942 _2udc
_cLIB